[Event "Caracas FVA 80th Ann"]
[Site "Caracas"]
[Date "2015.12.20"]
[Round "8"]
[White "Zamora Monascal, Petter David"]
[Black "Cardozo Avellaneda, Wilmer Alexa"]
[Result "1-0"]
[WhiteElo "1958"]
[BlackElo "1671"]
[PlyCount "47"]
[EventDate "2015.12.16"]
[EventType "swiss"]
[EventRounds "8"]
[EventCountry "VEN"]
[SourceTitle "EXT 2018"]
[Source "ChessBase"]
[SourceDate "2017.10.13"]
[SourceVersion "1"]
[SourceVersionDate "2017.10.13"]
[SourceQuality "1"]

1. d4 Nf6 2. Nf3 e6 3. Bg5 d5 4. e3 c5 5. c3 Nc6 6. Bd3 cxd4 7. exd4 Be7 8. Nbd2 Qb6 9. Rb1 Bd7 10. 0-0 h6 11. Bh4 a6 12. Ne5 Qc7 13. f4 b5 14. Rf3 Ne4 15. Bxe7 Nxd2 16. Qxd2 Kxe7 17. Rg3 Nxe5 18. fxe5 Rhg8 19. Bh7 Rh8 20. Rxg7 Raf8 21. Qxh6 Be8 22. Qf6+ Kd7 23. Rf1 Qc6 24. Bg6 1-0

[Event "Caracas FVA 80th Ann"]
[Site "Caracas"]
[Date "2015.12.16"]
[Round "1"]
[White "Cardozo Avellaneda, Wilmer Alexa"]
[Black "Diaz Lucero, Juan C"]
[Result "0-1"]
[WhiteElo "1671"]
[BlackElo "2130"]
[PlyCount "64"]
[EventDate "2015.12.16"]
[EventType "swiss"]
[EventRounds "8"]
[EventCountry "VEN"]
[SourceTitle "EXT 2018"]
[Source "ChessBase"]
[SourceDate "2017.10.13"]
[SourceVersion "1"]
[SourceVersionDate "2017.10.13"]
[SourceQuality "1"]

1. e4 c5 2. Nf3 Nc6 3. d4 cxd4 4. Nxd4 g6 5. Nc3 Bg7 6. Be3 Nf6 7. Bc4 0-0 8. Bb3 d6 9. h3 Na5 10. Qd2 b6 11. Bh6 Bb7 12. f3 Bh8 13. Bxf8 Qxf8 14. 0-0-0 Bg7 15. g4 Rc8 16. Kb1 Nd7 17. h4 Ne5 18. h5 Nac4 19. Qf2 g5 20. Nf5 Bf6 21. Ne3 Nxb2 22. Ncd5 Bxd5 23. Nxd5 Bh8 24. h6 Nxd1 25. Rxd1 e6 26. Ne3 Qxh6 27. Rxd6 Qf8 28. Rd1 Qg7 29. c3 Nxg4 30. Qd2 Nxe3 31. Qxe3 h6 32. Qd4 Rxc3 0-1